000 00489nam a2200181Ia 4500
008 240925s9999 xx 000 0 und d
020 _a9789381269565
082 _a621.382 CAR
100 _aCarr, Joseph J.
245 0 _aMicrowave and Wireless Communications technology
250 _aNA
260 _aUnited States:
_bElsevier
_c,1996.
300 _a572p.
_b0
_fOriginal
500 _aIncludes Index
600 _aTelecommunication Engineering
650 _aTechnology
942 _cBK
999 _c12741
_d12741